Expats : travels in Arabia, from Tripoli to Teheran /

محفوظ في:

المؤلف الرئيسي: Dickey, Christopher (مؤلف)

التنسيق: كتاب

اللغة: English

منشور في: New York : Atlantic Monthly Press, c1990.

الموضوعات:

الوسوم: إضافة وسم

لا توجد وسوم, كن أول من يضع وسما على هذه التسجيلة!

رقم الطلب: DS49 .D49 1990

LEADER 00860namaa2200265 4500
001 20751
003 OSt
005 20260310064027.0
008 130303s1990 nyub b 000 0 eng d
010 |a 90000151 
020 |a 0871133377 
040 |c ARCE Library 
043 |a aw----- 
050 4 |a DS49 .D49 1990 
100 1 |a Dickey, Christopher,  |e author  |9 29012 
245 1 0 |a Expats :  |b travels in Arabia, from Tripoli to Teheran /  |c Christopher Dickey. 
264 1 |a New York :  |b Atlantic Monthly Press,  |c c1990. 
300 |a xii, 228 pages :  |b map ;  |c 24 cm. 
500 |a Portions previously appeared in Vanity fair and Traveler. 
504 |a Includes bibliographical references (p. 227-228) 
651 0 |a Middle East  |x Description and travel. 
651 0 |a Middle East  |x Politics and government  |y 1979- 
901 |a reviewed 
942 |c BK  |2 lcc 
999 |c 17200  |d 17200